María Zambrano : (Record n. 17711)

Dettagli MARC
000 -LEADER
fixed length control field 00860nam a2200241 i 4500
003 - CONTROL NUMBER IDENTIFIER
control field IT-RoINE
005 - DATE AND TIME OF LATEST TRANSACTION
control field 20170606053437.0
008 - FIXED-LENGTH DATA ELEMENTS--GENERAL INFORMATION
fixed length control field 050603s2004 sp | r ||| ||spa d
020 ## - INTERNATIONAL STANDARD BOOK NUMBER
International Standard Book Number 8486942608
040 ## - CATALOGING SOURCE
Original cataloging agency SpMaBN
Language of cataloging spa
Transcribing agency SpMaBN IT-RoINE
Description conventions rdc
Modifying agency IT-RoINE
245 00 - TITLE STATEMENT
Title María Zambrano :
Remainder of title raíces de la cultura española /
Statement of responsibility, etc J.F. Ortega Muñoz ... [et al.]
260 ## - PUBLICATION, DISTRIBUTION, ETC. (IMPRINT)
Place of publication, distribution, etc Madrid :
Name of publisher, distributor, etc Fundación Fernando Rielo,
Date of publication, distribution, etc [2004]
300 ## - PHYSICAL DESCRIPTION
Extent 362 p. ;
Dimensions 21 cm.
336 ## - CONTENT TYPE
Source rdacontent
Content type term text
337 ## - MEDIA TYPE
Source rdamedia
Media type term unmediated
338 ## - CARRIER TYPE
Source rdacarrier
Carrier type term volume
490 1# - SERIES STATEMENT
Series statement Biblioteca de humanidades ;
Volume number/sequential designation 2
504 ## - BIBLIOGRAPHY, ETC. NOTE
Bibliography, etc Incluye referencias bibliográficas en notas.
600 14 - SUBJECT ADDED ENTRY--PERSONAL NAME
Personal name Zambrano, María,
Dates associated with a name 1904-1991
9 (RLIN) 17962
700 1# - ADDED ENTRY--PERSONAL NAME
Personal name Ortega Muñoz, Juan Fernando
9 (RLIN) 35261
830 #0 - SERIES ADDED ENTRY--UNIFORM TITLE
9 (RLIN) 35262
Uniform title Biblioteca de humanidades (Fundación Fernando Rielo)
Volume number/sequential designation 2
942 ## - ADDED ENTRY ELEMENTS (KOHA)
Item type Monografías
Dati di copia
Withdrawn status Lost status Damaged status Not for loan Home library Current library Date acquired Total Checkouts Full call number Barcode Date last seen Price effective from Koha item type
        Iglesia Nacional Española en Roma Iglesia Nacional Española en Roma 06/06/2017   FIL 384 41113 06/06/2017 06/06/2017 Monografías